000 00676nam a22002177a 4500
003 UA-OsUOA
001 117435
007 ta
008 20160523b un ||||| |||| 00| 0 ukr d
100 _aПрокопюк А.
090 _a330(477)
_bП80
942 _cSA
040 _aUA-OsUOA
_bukr
_cUA-OsUOA
_dUA-OsUOA
245 _aМодель регіонального розвитку на засадах структурних трансформацій
300 _aС.32-39
955 _a0
041 _aukr
080 _a330(477)
773 0 _w117432
_tРегіональна економіка
_dЛьвів
_d2016
_g1
650 7 _a330 Економіка взагалі
_2UDC
999 _c403465
_d403465